Biggest Non-I American Cities on a Map - Statistics

General Stats
  • This quiz has been taken 119 times
  • The average score is 27 of 30
Answers on the Map
Answers color-coded by a green-red scale on the quiz's map according to % correct below.
 
Answer Stats
Population City % Correct
715,522 Denver
100%
2,304,580 Houston
100%
3,898,747 Los Angeles
100%
8,804,190 New York
100%
498,715 Atlanta
99%
675,647 Boston
99%
1,304,379 Dallas
99%
737,015 Seattle
99%
641,903 Las Vegas
97%
652,503 Portland
97%
384,959 Tampa
97%
350,964 Honolulu
95%
383,997 New Orleans
95%
918,915 Fort Worth
94%
372,624 Cleveland
93%
905,748 Columbus
93%
564,559 Albuquerque
92%
524,943 Sacramento
91%
874,579 Charlotte
89%
1,013,240 San Jose
89%
542,629 Tucson
89%
440,646 Oakland
88%
678,815 El Paso
87%
413,066 Tulsa
87%
486,051 Omaha
85%
542,107 Fresno
83%
504,258 Mesa
73%
466,742 Long Beach
69%
386,261 Aurora
65%
320,804 Stockton
56%
No matching quizzes found
Score Distribution
Percent of People with Each Score
Percentile by Number Answered
Your Score History
You have not taken this quiz